000 01197nam a22002657a 4500
005 20170124103205.0
010 _aA-904241
020 _c00.00
_a8173280932
035 _aA-904241
037 _bCen Lib/Ret
040 _aDPL
_bHN
082 _a330.954
_bअग्रवा
100 _aअग्रवाल, ए.एन.
_944189
245 _aभारतीय अर्थव्यवस्था :
_cए.एन.अग्रवाल
_bविकास एवं आयोजन /
246 _aBharteey arthvyavstha : vikas ewam aayojan /
_bby A.N.Agarwal
250 _aतेइसवां संस्करण
260 _aनई दिल्ली
_bविश्व प्रकाशन
_c1997
270 _bनई दिल्ली
_a4835/24 अंसारी रोड, दरियागंज
_e110002
300 _axi,608पृ.
_c23सेमी(सजिल्द)
650 _aअल्पविकास -- कारण
_993475
650 _aभारत -- अर्थव्यवस्था
_94690
650 _aUnder development -- reasons
_993476
650 _aIndia - Economy
_993477
942 _2ddc
_cHN
_h330.954
_mअग्रवा
999 _c120939
_d120939